000 01509nam a2200445 i 4500
001 30746
003 KOSZ 005
005 20201106130458.0
008 970620s1994 pl f |000 0 pol
015 _aUWD 1995/1426
020 _a8386286091
035 _a991000266989705066
035 _a(PL-WaBN)b10114816-48omnis_nlop
035 _ab10114816
035 _a(OCoLC)749586705
035 _a(PL)b0000001011481
035 _a(EXLNZ-48OMNIS_NETWORK)9910094377505606
040 _aWA N
_cWA N
_dKOSZ 005/EG
046 _k1994
080 _a553
080 _a549
080 _a66
080 _a(03)
245 0 0 _aEncyklopedia surowców mineralnych.
_n[T. 4],
_pŚ-Ż /
_cpod red. Andrzeja Bolewskiego ; Polska Akademia Nauk. Komitet Gospodarki Surowcami Mineralnymi, Centrum Podstawowych Problemów Gospodarki Surowcami Mineralnymi i Energią PAN.
260 _aKraków :
_bWydaw. CPPGSMiE PAN,
_c1994.
300 _a415, [1] s. ;
_c23 cm.
336 _aTekst
_btxt
_2rdacontent
337 _aBez urządzenia pośredniczącego
_bn
_2rdamedia
338 _aWolumin
_bnc
_2rdacarrier
380 _aKsiążki
388 _a1901-2000
388 _a1989-2000
650 7 _aMinerały
_2DBN
655 7 _aEncyklopedia
_2DBN
658 _aGeografia i nauki o Ziemi
700 1 _aBolewski, Andrzej
_d(1906-2002)
_eRedakcja
856 _uhttp://koha.tu.koszalin.pl/cgi-bin/koha/opac-detail.pl?biblionumber=30746
_yKatalog online BPK
942 _2UKD
_cKS
999 _c30746
_d30746